Riconosci la Squadra di calcio - Quiz n°212 - Statistics

Statistiche generali
  • Questo quiz è stato fatto 3 volte
  • Il punteggio medio è 8 su 12
Statistiche sulle risposte
Indizio Risposta % Corretto
Simboli Aquila, batell
100%
Colori sociali Blu, celeste
100%
Titoli nazionali 0
67%
Fondazione 1912
67%
Trofei internazionali 1 Coppa Anglo-Italiana Semiprofessionisti
67%
Trofei nazionali 1 Coppe Italia Serie C/Lega Pro
67%
Rifondazione 2002
67%
Rifondazione 2016
67%
Capienza Stadio 5 508 posti
67%
Divisione nazionale 2023-2024 Seconda
67%
Confederazione UEFA
67%
Squadra Lecco
33%
Nessun quiz corrispondente trovato
Distribuzione punteggi
Percentuale di utenti per punteggio
Percentile per numero di risposta
I tuoi punteggi nel tempo
Non hai fatto questo quiz